MDQL
is popping MORE tags! Check the
thread
!
Quizzes
Events
Quiz Creation
Community
Videos
Private Events
Remove Ads
Sign In
Join for FREE
Feedback
Dark Mode
Quiz Categories
Sports
Geography
Music
Movies
Television
Just For Fun
Miscellaneous
History
Literature
Language
Science
Gaming
Entertainment
Religion
Holiday
For Kids
Quiz Lab
Recent
Popular Today
Quiz Kudos Today
Editor Picks
Curator Picks
Quizzes by...
Day
Popularity
Type
Ratings
Length
Year
Community
Subscriptions
Recent Discussions
Orange Saloon
Badges
Playlists
Quests
Create
Leaderboards
Showdown
Live 5
Trivia Bingo
Activity
Puzzle Library
Sporcle Events
Private Events
Virtual Trivia
Globe League
Become a Host
Pub Owners
SporcleCon
Opinionation
Our Games
Videos
Blog
Mobile Apps
Partnerships
Remove Ads and Go Orange
Feedback
Geography
Country
Landmarks
City
State
Population
World
Capital
Continent
Flags
Europe
Africa
Asia
South America
North America
Oceania
Border
Canada
United Kingdom
Topography
United States
Geography
Country
Landmarks
City
State
Population
World
Capital
Continent
Flags
Europe
Africa
Asia
South America
North America
Oceania
Border
Canada
United Kingdom
Topography
United States
Random Quiz
Search Sporcle
×
Quiz Lab
Quiz Lab
Geography
Country
Type in answers that appear in a list
Type in answers that appear in a list
Classic
Best Score? Go Orange.
Top Countries by Human Development Index Stats
Can you name the countries considered 'very developed countries' by the HDI?
By
xDragon
8m
50 Questions
727 Plays
727 Plays
727 Plays
Comments
Comments
Give Quiz Kudos
Give Quiz Kudos
-
- Ratings
hide this ad
More Info
Replay
Link that replays current quiz
Next Quiz
Link to next quiz in quiz playlist
You Got
0%
They Got
Avg Score
67%
Avg Friend Score
Upgrade to see
Score Distribution
Jump to the score distribution portion of the page
Score
0/50
Timer
08:00
0
Plays Today
Rank
Country (* = Territory)
% Correct
5.
United States
97.5%
1.
Norway
95.9%
8.
Canada
95.5%
17.
Japan
94.4%
24.
Finland
93.7%
2.
Australia
93.3%
6.
Germany
92.1%
20.
France
91%
21.
Austria
90.9%
7.
New Zealand
90.8%
15.
South Korea
90.6%
10.
Denmark
90.4%
12.
Sweden
90.2%
3.
Switzerland
89.3%
4.
Netherlands
88.6%
21.
Luxembourg
88.6%
41
Portugal
87.6%
11.
Ireland
87.5%
26.
Italy
86.5%
21.
Belgium
86%
19
Israel
85.7%
34.
Saudi Arabia
83.6%
25.
Slovenia
83.2%
14.
United Kingdom
82.9%
35.
Poland
82.2%
Rank
Country (* = Territory)
% Correct
18.
Liechtenstein
80.7%
27.
Spain
77.7%
43.
Hungary
77.6%
47.
Croatia
75.9%
40.
United Arab Emirates
75.5%
48.
Latvia
75.2%
15.*
Hong Kong
74.8%
28.
Czech Republic
74%
29.
Greece
73.6%
9.
Singapore
73.4%
49.
Argentina
71.4%
37.
Slovakia
69%
37.
Andorra
67.8%
13.
67.6%
41.
Chile
66.6%
39.
Malta
64.1%
33.
Estonia
63.4%
32.
Cyprus
60.5%
46.
Kuwait
60.3%
44.
Bahrain
59.7%
31.
Qatar
59.4%
25.
Slovenia
55.4%
35.
Lithuania
47.7%
30.
Brunei
42.1%
44.
Cuba
30%
Quiz Playlist
Details
Report
Send in Message
Add To Playlist
More Info:
As of 2014 report
Classic:
Type in answers that appear in a list
Quiz Source
Last Updated: Feb 16, 2017
Quiz Scoreboard
CHALLENGE
Sign Up to Join the Scoreboard
Show All
Scores
Hide
Comments
May contain spoilers
Recently Published
Two Season TV Shows II
by 123Four
Television
10m
Image Sorting: Flags VI
by Barbecue
Geography
2m
Find the 'City' Movie
by crazypaving
Movies
60s
More to Explore
Quiz From the Vault
Featured Blog Post
14 Easter Pick-up Lines to Find Eggs With
hide this ad
You Might Also Like...
Tags
Country Quiz
Considered
Developed
Development
hdi
Human
Index
Territory
Today's Top Quizzes in Geography
Browse Geography
hide this ad
Today's Top Quizzes in Country
Browse Country
Top Contributed Quizzes in Geography
1
Colored Red Europe Blitz I
2
Countries of the World - No Outlines Minefield
3
Colored Red Africa Blitz II
4
Colored Red Europe Blitz II
5
Colored Red Europe Blitz III
6
Colored Red Africa Blitz III
7
Colored Red States Blitz I
8
Colored Red States Blitz II
9
Colored Red States Blitz III
10
A Different View: World Oceans
Explore More
Trending Topics
Kpop
Disney
NBA
Marvel
Crossword
Harry Potter
Anime
The Office
Soccer
Pokémon
Song
WWE
Puzzle
NFL
Country
hide this ad
More By:
xDragon
Quiz
Plays
Rating
Category
Featured
Created
Costliest Atlantic Hurricanes
27,847
4.34
History
Oct 1, 2009
Top 100 Golfers by Country
4,409
4.73
Sports
Nov 21, 2015
State Capitals without Interstates
3,140
4.24
Geography
Nov 22, 2009
Golf Multiple Major Winners
1,448
3.67
Sports
Nov 21, 2009
Top Countries by Human Development Index
727
3.75
Geography
Oct 5, 2009
Go to Creator's Profile
Score Distribution
Quiz Creator Spotlight
xDragon
Follow
Send a Message
Quizzes Created
-
Created Quiz Play Count
-
More By This Creator
Popular Quizzes Today
1
Find the US States - No Outlines Minefield
2
Colored Red Africa Blitz
3
Find the 'City' Movie
4
5x2 Blitz: Bands
5
The Countries of the World
6
Find the Countries of Europe - No Outlines Minefield
7
Find the US States
8
US States
More Geography Quizzes
Antigua & Barbuda Physical Geography
Quiz Lab
Trending Quizzes
Colored Red Europe Blitz I
Colored Red Africa Blitz II
Colored Red Europe Blitz II
Colored Red Europe Blitz III
Colored Red Africa Blitz III
Recently Updated
How Do You Spell That?
pecheneg
Godzilla Movies
pecheneg
Grab Bag: 4-10 Letters
pecheneg
2024 March Madness Bracket
pecheneg
Famous TV Couples
Peacemaker
Champions League XIs: Real Madrid
pecheneg
Largest US Cities 1790-2010
pecheneg
Rides in Walt Disney World
pecheneg
Most Oscar Losses (Acting)
pecheneg
Beyoncé Albums
pecheneg
Trending Topics
Disney
Crossword
Kpop
NBA
Marvel
Harry Potter
Anime
Puzzle
WWE
Song
The Office
Pokémon
NFL
Country
Soccer
Your Account Isn't Verified!
In order to create a playlist on Sporcle, you need to verify the email address you used during registration. Go to your
Sporcle Settings
to finish the process.
Report this User
Report this user for behavior that violates our
Community Guidelines
.
Details:
Send Report
Go to the Sporcle.com Mobile Site →
Comments